000 00509nam a2200181Ia 4500
008 240925s9999 xx 000 0 und d
020 _a782123708
082 _a005.7565 GET
100 _aGet, Ken
245 0 _aAccess 2000 developer's handbook V-1 Desktop edition
250 _aNA
260 _aCalifornia:
_bBrooks/Cole Cengagae Learning
_c,1999.
300 _a644p.
_b1
_fOriginal
500 _aNA
600 _aComputer Science
650 _aComputer science, information & general works
942 _cBK
999 _c7801
_d7801